000 00688nam a2200217Ii 4500
001 17557
003 CO-ViMGA
008 241108s9999||||xx |||||||||||||| ||und||
020 _a9582804335
040 _aCO-ViMGA
_bspa
_erda
_cCO-ViMGA
041 0 _aspa
082 0 4 _a133.44 G14p
100 1 _aAlicia Gallotti
_944533
245 1 0 _aEl poder mágico de los cristales :
_bsus extraordinarias propiedades energéticas y terapéuticas
264 1 _aBogotá, Colombia : Círculo de Lectores, 1993
300 _avolumen
336 _atext
_btxt
_2rdacontent
337 _aunmediated
_bn
_2rdamedia
338 _avolume
_bnc
_2rdacarrier
940 _aidficha_siabuc: 17221. -- ficha_no_siabuc:17557
999 _c38991
_d38991